Tres capítulos de historia de la sociología: Comte, Marx y Spencer
Guardado en:
| Autor principal: | |
|---|---|
| Formato: | Libro |
| Lenguaje: | español |
| Publicado: |
Buenos Aires
Nueva Visión
1970
|
| Colección: | Ensayos. Ciencias Sociales
|
| Materias: | |
| Etiquetas: |
Agregar Etiqueta
Sin Etiquetas, Sea el primero en etiquetar este registro!
|
MARC
| LEADER | 00000nam a2200000 a 4500 | ||
|---|---|---|---|
| 001 | UCQ0815 | ||
| 003 | CL-VaPUC | ||
| 008 | 980703e19700000AG |||||||||||||||||spa|d | ||
| 082 | 0 | 4 | |a 301 |b GUR |2 21 |
| 100 | |a Gurvitch, Georges |e author |9 519133 | ||
| 245 | 1 | 0 | |a Tres capítulos de historia de la sociología: Comte, Marx y Spencer |
| 300 | |a 205 p | ||
| 942 | |c BK | ||
| 945 | |d 19980703 00:00:00 |a crobeson | ||
| 260 | |a Buenos Aires |b Nueva Visión |c 1970 | ||
| 600 | 0 | |a Comte, Auguste |9 334591 | |
| 600 | 0 | 7 | |a SPENCER, HERBERT |2 CL-VaPUC |9 256539 |
| 600 | 0 | |a Marx, Karl Heinrich, |d 1818-1883 |9 861123 | |
| 650 | 0 | |a Sociología |9 255410 | |
| 650 | 7 | |a SOCIOLOGOS |2 CL-VaPUC |9 307715 | |
| 650 | 0 | |a Ciencias sociales |9 256351 | |
| 650 | 0 | |a Historia social |9 313638 | |
| 583 | |a last modification |c 19980703 00:00:00 |k Rodrigo Vera | ||
| 490 | 0 | |a Ensayos. Ciencias Sociales | |
| 999 | |c 271846 |d 271844 | ||
| 952 | |0 0 |1 0 |4 0 |6 301_000000000000000_GUR_1970 |7 0 |8 A |9 306621 |a BIBENE |b BIBENE |d 2019-11-20 |i 1427571 |o 301 GUR 1970 |p 1427571 |r 2025-01-15 |w 2019-11-20 |y BK |k ICO | ||